| 000 | 02279cam a2200481 i 4500 | ||
|---|---|---|---|
| 001 | data | ||
| 005 | 20260322212105.0 | ||
| 008 | data | ||
| 035 | _a21316166 | ||
| 906 |
_a7 _bcbc _ccopycat _d2 _encip _f20 _gy-gencatlg |
||
| 925 | 0 |
_aacquire _b1 shelf copy _xpolicy default |
|
| 010 | _a 2019350919 | ||
| 020 | _a9789966054265 | ||
| 020 | _a996605426X | ||
| 035 | _a(OCoLC)1108336998 | ||
| 040 |
_aHVL _beng _cHVL _erda _dDLC _dDLC |
||
| 042 |
_alcode _alcode |
||
| 043 | _af-ke--- | ||
| 050 | 0 | 0 |
_aKSK1744.5201 _b.F73 2019 |
| 100 | 1 |
_aFranceschi, Luis G., _eauthor. |
|
| 240 | 1 | 0 | _aConstitution of Kenya, 2010 |
| 245 | 1 | 4 |
_aThe constitution of Kenya : _ba commentary / _cLuis G Franceschi, PLO Lumumba. |
| 250 | _aSecond edition. | ||
| 264 | 1 |
_aNairobi : _bStrathmore University Press, _c2019. |
|
| 300 |
_axx, 817 pages ; _c24 cm |
||
| 336 |
_atext _btxt _2rdacontent |
||
| 337 |
_aunmediated _bn _2rdamedia |
||
| 338 |
_avolume _bnc _2rdacarrier |
||
| 504 | _aIncludes bibliographical references and index. | ||
| 505 | 0 | _aIntroduction -- The Constitution of Kenya: Historical appraisal -- Constitution preamble -- Sovereignty of the people and supremacy of the Constitution -- The Republic -- Citizenship -- The Bill of Rights -- Land and environment -- Leadership and integrity -- Representation of the people -- The legislature -- The executive -- Judiciary -- Devolved government -- Public finance -- The public service -- National security -- Commissions and independent offices -- Amendment of the Constitution -- General provisions -- Transitional and consequential provisions. | |
| 650 | 0 |
_aConstitutions _zKenya. |
|
| 650 | 0 |
_aConstitutional law _zKenya. |
|
| 650 | 7 |
_aConstitutional law. _2fast _0(OCoLC)fst00875797 |
|
| 650 | 7 |
_aConstitutions. _2fast _0(OCoLC)fst00875851 |
|
| 651 | 7 |
_aKenya. _2fast _0(OCoLC)fst01208718 |
|
| 655 | 7 |
_aConstitutions. _2lcgft |
|
| 655 | 7 |
_aLaw commentaries. _2lcgft |
|
| 700 | 1 |
_aLumumba, Patrick L. O., _eauthor. |
|
| 710 | 1 | 2 |
_aKenya. _tConstitution (2010) |
| 775 | 0 | 8 |
_iRevision of: _aLumumba, Patrick L. O. _tConstitution of Kenya, 2010. _dNairobi : Strathmore University Press, 2014 _z9789966054050 _w(OCoLC)889425226 _w(OCoLC)889425226 |
| 985 | _eODE-nb | ||
| 999 |
_c1539 _d1539 |
||